| 000 | 00717nam a2200205Ia 4500 | ||
|---|---|---|---|
| 003 | GCL | ||
| 008 | 140319s9999 xx 000 0 ara d | ||
| 040 |
_aGCL / _cGCL |
||
| 082 | 0 | 4 |
_a823 _bه و |
| 100 | 1 | _aعلى ادهم | |
| 245 | 1 | 0 |
_aواخضرت الارض: القصة الحائزة على جائزة نوبل 1920 (هدية من الاديب عبدالفتاح الجمل) / _cعلى ادهم |
| 700 | 1 | _aصوفى عبدالله (ترجمه) | |
| 700 | 1 | _aهامسون, كنوت | |
| 300 | _a430 ص | ||
| 490 |
_aالهيئة العامة للاستعلامات _v0 |
||
| 650 | 0 | 4 | _aالادب |
| 650 | 0 | 4 | _aالقصص الانجليزية |
| 650 | 0 | 4 | _aالادب الانجليزى |
| 942 |
_2ddc _cBK |
||
| 999 |
_c47666 _d47666 |
||